Normal view
MARC view
- Python
Entry Geographic Name
001 - CONTROL NUMBER
- control field: 98743
003 - CONTROL NUMBER IDENTIFIER
- control field: NUST
005 - DATE AND TIME OF LATEST TRANSACTION
- control field: 20220831132653.0
008 - FIXED-LENGTH DATA ELEMENTS
- fixed length control field: 220831|| aca||aabn | a|a d
040 ## - CATALOGING SOURCE
- Original cataloging agency: NUST
- Transcribing agency: NUST
151 ## - HEADING--GEOGRAPHIC NAME
- Geographic name: Python
670 ## - SOURCE DATA FOUND
- Source citation: Work cat.: (NUST)194051: N. Miller, Bradley 98742, Python programming in Context /, 2021
